Giáo trình tâm lí học nghề nghiệp
Nội dung giáo trình: cung cấp kiến thức nền tảng của khoa học tâm lý đề cập đến các kiến thức chuyên sâu về lĩnh vực sư phạm nghề nghiệp một các khoa học và làm tài liệu cho sinh viên ngành sư phạm kĩ thuật đồng thời cũng là tài liệu...
Na minha lista:
| Autor principal: | |
|---|---|
| Formato: | Livro |
| Idioma: | Undetermined |
| Publicado em: |
Thành phố Hồ Chí Minh
Nxb. Đại học quốc gia Thành phố Hồ Chí Minh
2013
|
| Assuntos: | |
| Tags: |
Adicionar Tag
Sem tags, seja o primeiro a adicionar uma tag!
|
| Thư viện lưu trữ: | Trung tâm Học liệu Trường Đại học Cần Thơ |
|---|
| LEADER | 01173nam a2200205Ia 4500 | ||
|---|---|---|---|
| 001 | CTU_198436 | ||
| 008 | 210402s9999 xx 000 0 und d | ||
| 020 | |c 40000 | ||
| 082 | |a 370.15 | ||
| 082 | |b O.408 | ||
| 100 | |a Dương, Thị Kim Oanh | ||
| 245 | 0 | |a Giáo trình tâm lí học nghề nghiệp | |
| 245 | 0 | |c Dương Thị Kim Oanh | |
| 260 | |a Thành phố Hồ Chí Minh | ||
| 260 | |b Nxb. Đại học quốc gia Thành phố Hồ Chí Minh | ||
| 260 | |c 2013 | ||
| 520 | |a Nội dung giáo trình: cung cấp kiến thức nền tảng của khoa học tâm lý đề cập đến các kiến thức chuyên sâu về lĩnh vực sư phạm nghề nghiệp một các khoa học và làm tài liệu cho sinh viên ngành sư phạm kĩ thuật đồng thời cũng là tài liệu giảng dạy môn tâm lí học nghề nghiệp tại các trường cao đẳng và đại học. | ||
| 650 | |a Educational psychology,Tâm lý giáo dục | ||
| 904 | |i Phan Thông Thuỵ Quân (Tuyền) | ||
| 980 | |a Trung tâm Học liệu Trường Đại học Cần Thơ | ||